| 000 | 00570nam a2200205Ia 4500 | ||
|---|---|---|---|
| 005 | 20230323101458.0 | ||
| 008 | 131103s9999 xx 000 0 und d | ||
| 020 |
_a0 413 29120 0 _cP.B.G,4 |
||
| 040 | _aLoreto College | ||
| 041 | _aEnglish | ||
| 082 |
_a822.91 _bHAY |
||
| 100 | _aHayman, Ronald | ||
| 245 | 4 |
_aThe Set up _b an anatomy of the English theatre today _cRonald Hayman |
|
| 260 |
_aLondon _bEyre Methuen _c1973 |
||
| 300 | _a322p. | ||
| 504 | _aIncludes bibliography & index | ||
| 650 | _aEnglish drama - criticism | ||
| 850 | _aLCLIB | ||
| 942 | _cBK | ||
| 999 |
_c22164 _d72643 |
||